[Event "Bad Woerishofen Seniors opA 23rd"]
[Site "Bad Woerishofen"]
[Date "2007.03.15"]
[Round "8"]
[White "Zohr, Adelbert"]
[Black "Litterst, Reinhard"]
[Result "1-0"]
[WhiteElo "1857"]
[BlackElo "1834"]
[PlyCount "73"]
[EventDate "2007.03.08"]
[EventType "swiss"]
[EventRounds "9"]
[EventCountry "GER"]
[SourceTitle "EXT 2022"]
[Source "ChessBase"]
[SourceDate "2021.10.06"]
[SourceVersion "1"]
[SourceVersionDate "2021.10.06"]
[SourceQuality "1"]

1. d4 Nf6 2. c4 d6 3. Nf3 g6 4. Nc3 Bg7 5. e4 0-0 6. Bd3 c6 7. 0-0 Qc7 8. h3 e5 9. dxe5 dxe5 10. Qe2 Nbd7 11. Be3 Re8 12. Rfd1 Nf8 13. Bc2 Ne6 14. g3 Bd7 15. Kg2 Rad8 16. Rd2 Bc8 17. Rad1 Rxd2 18. Rxd2 b6 19. b4 Bb7 20. c5 b5 21. Bb3 Bc8 22. Qd1 h6 23. Rd6 Nh7 24. Qd2 g5 25. a3 Nhf8 26. a4 a6 27. axb5 axb5 28. Bd1 Ng6 29. Be2 Bf8 30. Rxc6 Qxc6 31. Bxb5 Nef4+ 32. gxf4 Nxf4+ 33. Bxf4 Qe6 34. Bg3 Qxh3+ 35. Kg1 Qh5 36. Bxe8 Qxf3 37. Bb5 1-0

[Event "Bad Woerishofen Seniors opA 23rd"]
[Site "Bad Woerishofen"]
[Date "2007.03.10"]
[Round "3"]
[White "Litterst, Reinhard"]
[Black "Bierwisch, Bernhard"]
[Result "1/2-1/2"]
[WhiteElo "1834"]
[BlackElo "2093"]
[PlyCount "57"]
[EventDate "2007.03.08"]
[EventType "swiss"]
[EventRounds "9"]
[EventCountry "GER"]
[SourceTitle "EXT 2022"]
[Source "ChessBase"]
[SourceDate "2021.10.06"]
[SourceVersion "1"]
[SourceVersionDate "2021.10.06"]
[SourceQuality "1"]

1. d4 d6 2. c4 Nf6 3. Nf3 g6 4. Nc3 Bg7 5. e4 0-0 6. Be2 Nbd7 7. 0-0 e5 8. d5 Nc5 9. Qc2 a5 10. Ne1 Bd7 11. g3 Bh3 12. Ng2 Qd7 13. Be3 b6 14. Rad1 h6 15. f3 Nh5 16. Qd2 Kh7 17. b3 f5 18. Bf2 Nf6 19. Qc2 h5 20. Rfe1 Bxg2 21. Kxg2 f4 22. Rh1 Bh6 23. Rdg1 Rf7 24. Kf1 fxg3 25. hxg3 Raf8 26. Rg2 Kg7 27. Ke1 Rh8 28. Nd1 Kg8 29. Be3 1/2-1/2

[Event "GER-chT Seniors 10th"]
[Site "Rheda Wiedenbrueck"]
[Date "2001.08.17"]
[Round "6.3"]
[White "Litterst, Reinhard"]
[Black "Bauer, Werner"]
[Result "1/2-1/2"]
[WhiteElo "1876"]
[BlackElo "1887"]
[PlyCount "54"]
[EventDate "2001.08.12"]
[EventType "team"]
[EventRounds "7"]
[EventCountry "GER"]
[SourceTitle "EXT 2002"]
[Source "ChessBase"]
[SourceDate "2001.11.25"]
[SourceVersion "1"]
[SourceVersionDate "2001.11.25"]
[SourceQuality "1"]
[WhiteTeam "Baden Seniors II"]
[BlackTeam "Saarland Seniors"]
[WhiteTeamCountry "GER"]
[BlackTeamCountry "GER"]

1. d4 d5 2. c4 dxc4 3. Nc3 Nf6 4. e3 e6 5. Bxc4 Be7 6. Nf3 0-0 7. 0-0 b6 8. Qe2 Bb7 9. e4 Re8 10. Rd1 Nbd7 11. h3 c6 12. a3 a5 13. a4 Qc7 14. Be3 Bb4 15. e5 Nd5 16. Ne4 Nf8 17. Rac1 Qd7 18. Bd2 Be7 19. Ne1 Ng6 20. Nc2 h6 21. g3 f5 22. Nc3 Rf8 23. Nxd5 cxd5 24. Bb5 Bc6 25. Na3 Rfc8 26. Bxc6 Rxc6 27. Nb5 Rac8 1/2-1/2

[Event "GER-chT Seniors 10th"]
[Site "Rheda Wiedenbrueck"]
[Date "2001.08.13"]
[Round "2.4"]
[White "Litterst, Reinhard"]
[Black "Gergs, Wolfgang"]
[Result "1-0"]
[WhiteElo "1876"]
[BlackElo "2073"]
[PlyCount "67"]
[EventDate "2001.08.12"]
[EventType "team"]
[EventRounds "7"]
[EventCountry "GER"]
[SourceTitle "EXT 2002"]
[Source "ChessBase"]
[SourceDate "2001.11.25"]
[SourceVersion "1"]
[SourceVersionDate "2001.11.25"]
[SourceQuality "1"]
[WhiteTeam "Baden Seniors II"]
[BlackTeam "Hamburg Seniors"]
[WhiteTeamCountry "GER"]
[BlackTeamCountry "GER"]

1. d4 Nf6 2. Nf3 g6 3. c4 Bg7 4. Nc3 d5 5. e3 0-0 6. Bd3 dxc4 7. Bxc4 c5 8. h3 a6 9. a4 Qc7 10. Qe2 cxd4 11. exd4 Nc6 12. Be3 Bf5 13. 0-0 Rac8 14. Ba2 Nb4 15. Bb1 Be6 16. Rc1 Qd6 17. Qd2 Nbd5 18. Ra3 Nxe3 19. fxe3 Bh6 20. Ne5 Nd5 21. Nxd5 Rxc1+ 22. Qxc1 Bxd5 23. Rc3 Bg7 24. Nd3 e5 25. dxe5 Bxe5 26. Nxe5 Qxe5 27. Qd2 Bc6 28. Bc2 Re8 29. Bb3 Qa5 30. Qf2 Re7 31. Qf6 Rd7 32. Rd3 Qf5 33. Bxf7+ Rxf7 34. Rd8+ 1-0

[Event "EU-chT Seniors 03rd"]
[Site "Dresden"]
[Date "2001.03.02"]
[Round "6.4"]
[White "Schmitthoefer, Herbert"]
[Black "Litterst, Reinhard"]
[Result "1/2-1/2"]
[WhiteElo "1738"]
[BlackElo "1930"]
[PlyCount "27"]
[EventDate "2001.02.26"]
[EventType "team-swiss"]
[EventRounds "7"]
[EventCountry "GER"]
[SourceTitle "EXT 2005"]
[Source "ChessBase"]
[SourceDate "2004.11.15"]
[SourceVersion "1"]
[SourceVersionDate "2004.11.15"]
[SourceQuality "1"]

1. d4 d6 2. Nf3 g6 3. c4 Bg7 4. Nc3 Nf6 5. e4 0-0 6. Be2 c6 7. Be3 Ng4 8. Bg5 h6 9. Bh4 Qc7 10. h3 Nf6 11. e5 dxe5 12. dxe5 Nh5 13. g4 Nf4 14. Bg3 1/2-1/2

[Event "Bahn-chS 70"]
[Site "Bad Wildungen"]
[Date "2000.09.25"]
[Round "2"]
[White "Litterst, Reinhard"]
[Black "Lueth, Guenter"]
[Result "1-0"]
[WhiteElo "1935"]
[BlackElo "1598"]
[PlyCount "63"]
[EventDate "2000.09.24"]
[EventType "swiss"]
[EventRounds "7"]
[EventCountry "GER"]
[SourceTitle "EXT 2003"]
[Source "ChessBase"]
[SourceDate "2002.11.25"]
[SourceVersion "1"]
[SourceVersionDate "2002.11.25"]
[SourceQuality "1"]

1. d4 d5 2. c4 c6 3. Nc3 Nf6 4. e3 e6 5. Nf3 Bd6 6. Qc2 h6 7. Be2 a6 8. 0-0 dxc4 9. Bxc4 Nbd7 10. e4 e5 11. Re1 0-0 12. d5 Qc7 13. dxc6 bxc6 14. h3 Re8 15. Be3 Nb6 16. Bxf7+ Kxf7 17. Qb3+ Be6 18. Qxb6 Qxb6 19. Bxb6 Rab8 20. Na4 Bc4 21. b3 Bd3 22. Bc5 Bc7 23. Rad1 Rbd8 24. Nc3 Bc2 25. Rxd8 Rxd8 26. Ba3 Ke6 27. Bb2 Bb6 28. Rc1 Bd3 29. Na4 Bd4 30. Bxd4 exd4 31. Nc5+ Ke7 32. Nxd3 1-0

[Event "Bahn-chS 70"]
[Site "Bad Wildungen"]
[Date "2000.09.24"]
[Round "1"]
[White "Philippi, Walter"]
[Black "Litterst, Reinhard"]
[Result "0-1"]
[WhiteElo "1570"]
[BlackElo "1935"]
[PlyCount "106"]
[EventDate "2000.09.24"]
[EventType "swiss"]
[EventRounds "7"]
[EventCountry "GER"]
[SourceTitle "EXT 2003"]
[Source "ChessBase"]
[SourceDate "2002.11.25"]
[SourceVersion "1"]
[SourceVersionDate "2002.11.25"]
[SourceQuality "1"]

1. d4 Nf6 2. Nf3 d6 3. Nc3 g6 4. Bd2 Bg7 5. e3 0-0 6. Be2 c6 7. h3 Nbd7 8. 0-0 e5 9. dxe5 dxe5 10. e4 Qe7 11. Qc1 Nc5 12. Bd3 Rd8 13. Ne1 Ne6 14. Nf3 Nh5 15. Ne2 Nc5 16. Bg5 Bf6 17. Qe3 Nxd3 18. Bxf6 Qxf6 19. cxd3 b6 20. Rac1 Ba6 21. Rfd1 c5 22. b3 Rd7 23. Nc3 Nf4 24. Nd5 Nxd5 25. exd5 Rxd5 26. Qh6 Rad8 27. Re1 Bxd3 28. Ng5 Qg7 29. Qh4 h6 30. Nf3 g5 31. Qg3 e4 32. Nd2 f5 33. Nc4 Bxc4 34. bxc4 Rd3 35. Qh2 Qf6 36. Qc7 R3d7 37. Qg3 Rd2 38. Qa3 R8d7 39. Qa4 Qd4 40. Rf1 e3 41. Qc6 exf2+ 42. Kh1 Qd6 43. Qc8+ Kg7 44. Qe8 Re7 45. Qh5 Qg3 46. Qf3 Qxf3 47. gxf3 Rxa2 48. Kg2 Ree2 49. Kg3 Rec2 50. Kg2 Rxc1 51. Rxc1 Kf6 52. Rf1 Ke5 53. Kg3 Kd4 0-1

[Event "GER-chT Seniors 09th"]
[Site "Halle"]
[Date "2000.08.23"]
[Round "4.4"]
[White "Hoffmann, Hans"]
[Black "Litterst, Reinhard"]
[Result "1-0"]
[WhiteElo "2145"]
[BlackElo "1935"]
[PlyCount "75"]
[EventDate "2000.08.20"]
[EventType "team"]
[EventRounds "7"]
[EventCountry "GER"]
[SourceTitle "EXT 2002"]
[Source "ChessBase"]
[SourceDate "2001.11.25"]
[SourceVersion "1"]
[SourceVersionDate "2001.11.25"]
[SourceQuality "1"]

1. d3 d6 2. c4 e5 3. Nc3 Nf6 4. g3 g6 5. Bg2 Bg7 6. e3 c6 7. Nge2 0-0 8. 0-0 Na6 9. Rb1 Nc7 10. b4 Rb8 11. b5 cxb5 12. Nxb5 Nxb5 13. Rxb5 b6 14. a4 Qc7 15. Nc3 Bd7 16. Rb1 a6 17. Qb3 Rfe8 18. Ba3 Bc6 19. Bxc6 Qxc6 20. e4 Nd7 21. Nd5 h6 22. Rfc1 Kh7 23. Qc2 h5 24. Qd1 Bh6 25. Rc3 Kg7 26. Rcb3 Bg5 27. h4 Bd8 28. Qd2 Nc5 29. Bxc5 dxc5 30. Qb2 Qxa4 31. Ra1 Qd7 32. Rxa6 Qg4 33. Ne3 Qd7 34. Qa1 b5 35. cxb5 Rxb5 36. Qa4 Rb7 37. Rxb7 Qxb7 38. Qxe8 1-0

[Event "GER-chT Seniors 09th"]
[Site "Halle"]
[Date "2000.08.20"]
[Round "1.4"]
[White "Litterst, Reinhard"]
[Black "Grabitz, Georg"]
[Result "1/2-1/2"]
[WhiteElo "1935"]
[BlackElo "2040"]
[PlyCount "30"]
[EventDate "2000.08.20"]
[EventType "team"]
[EventRounds "7"]
[EventCountry "GER"]
[SourceTitle "EXT 2002"]
[Source "ChessBase"]
[SourceDate "2001.11.25"]
[SourceVersion "1"]
[SourceVersionDate "2001.11.25"]
[SourceQuality "1"]

1. d4 d5 2. c4 e6 3. Nc3 c5 4. e3 Nf6 5. Nf3 Nc6 6. Bd3 dxc4 7. Bxc4 a6 8. dxc5 Qxd1+ 9. Kxd1 Bxc5 10. Ke2 b5 11. Bd3 Bb7 12. a3 Ke7 13. b4 Bd6 14. Bb2 Rhd8 15. Rhd1 Rac8 1/2-1/2

[Event "Bad Woerishofen Seniors op 16th"]
[Site "Bad Woerishofen"]
[Date "2000.??.??"]
[Round "6"]
[White "Josting, Friedel"]
[Black "Litterst, Reinhard"]
[Result "0-1"]
[WhiteElo "1790"]
[BlackElo "1940"]
[PlyCount "78"]
[EventDate "2000.03.??"]
[EventType "swiss"]
[EventRounds "9"]
[EventCountry "GER"]
[SourceTitle "EXT 2003"]
[Source "ChessBase"]
[SourceDate "2002.11.25"]
[SourceVersion "1"]
[SourceVersionDate "2002.11.25"]
[SourceQuality "1"]

1. Nf3 d6 2. d4 g6 3. Bf4 Nf6 4. e3 Bg7 5. h3 Nbd7 6. Bc4 c5 7. Nbd2 cxd4 8. exd4 0-0 9. 0-0 Qc7 10. Re1 Nb6 11. Bb3 Nbd5 12. Bg5 h6 13. Be3 b6 14. Qe2 Bb7 15. Rac1 Nxe3 16. Qxe3 e6 17. c4 Qd7 18. Nh2 Rac8 19. Nhf3 Qe7 20. d5 e5 21. g4 Nh7 22. Kh2 f5 23. gxf5 gxf5 24. Rg1 Kh8 25. Bc2 e4 26. b3 Qf6 27. Ne1 Rc7 28. Ng2 Qc3 29. Nf4 Qxe3 30. fxe3 Be5 31. Rg6 Rf6 32. Rcg1 Rxg6 33. Rxg6 Bxd5 34. Kh1 Bxf4 35. Nf1 Bf7 36. Rg1 Be5 37. Bd1 Be8 38. Ng3 Bxg3 39. Rxg3 Rg7 0-1

[Event "Bahn-chT"]
[Site "Gemuend"]
[Date "1999.10.28"]
[Round "6.3"]
[White "Litterst, Reinhard"]
[Black "Mueller, Thomas"]
[Result "1/2-1/2"]
[WhiteElo "1958"]
[BlackElo "2025"]
[PlyCount "121"]
[EventDate "1999.10.24"]
[EventType "team"]
[EventRounds "7"]
[EventCountry "GER"]
[SourceTitle "EXT 2003"]
[Source "ChessBase"]
[SourceDate "2002.11.25"]
[SourceVersion "1"]
[SourceVersionDate "2002.11.25"]
[SourceQuality "1"]
[WhiteTeam "Karlsruhe (Bahn)"]
[BlackTeam "Koeln (Bahn)"]
[WhiteTeamCountry "GER"]
[BlackTeamCountry "GER"]

1. d4 e6 2. c4 f5 3. Nc3 Nf6 4. e3 b6 5. Nf3 Bb7 6. Bd3 Be7 7. 0-0 0-0 8. Qc2 Qe8 9. Ne1 Qh5 10. Be2 Qg6 11. f3 a6 12. Nd3 Nc6 13. Qd1 Bd6 14. a3 Qh6 15. f4 g5 16. c5 Be7 17. cxb6 cxb6 18. Bf3 g4 19. Bxc6 Bxc6 20. Ne5 Bb7 21. g3 d6 22. Nd3 Qg6 23. Ne1 Qe8 24. Qb3 Kf7 25. Ng2 Qc6 26. Rf2 h5 27. Kf1 Rac8 28. Ke2 b5 29. Bd2 Ne4 30. Nxe4 Qxe4 31. Bc3 Bd5 32. Qd1 a5 33. Ke1 a4 34. Rc1 Bb3 35. Qd2 Rc6 36. d5 Bxd5 37. Qd4 Qxd4 38. exd4 Bf6 39. Kd2 Rfc8 40. Ke3 Rc4 41. Rd1 Rh8 42. Rdd2 Ke7 43. Ke2 Bxg2 44. Rxg2 Kd7 45. Kd3 h4 46. Rde2 Rcc8 47. Re3 h3 48. Rge2 Rhe8 49. Re1 d5 50. R3e2 Rc6 51. Re3 Bg7 52. Bb4 Bf8 53. Bxf8 Rxf8 54. Kd2 Rfc8 55. Rc3 Rc4 56. Kd3 Kd6 57. Rec1 R8c6 58. Ke3 Kc7 59. Kd3 Kb6 60. R1c2 Ka5 61. Rc1 1/2-1/2

[Event "Bahn-chT"]
[Site "Gemuend"]
[Date "1999.10.25"]
[Round "2.3"]
[White "Weiss, Werner"]
[Black "Litterst, Reinhard"]
[Result "1-0"]
[WhiteElo "2172"]
[BlackElo "1958"]
[PlyCount "73"]
[EventDate "1999.10.24"]
[EventType "team"]
[EventRounds "7"]
[EventCountry "GER"]
[SourceTitle "EXT 2003"]
[Source "ChessBase"]
[SourceDate "2002.11.25"]
[SourceVersion "1"]
[SourceVersionDate "2002.11.25"]
[SourceQuality "1"]
[WhiteTeam "Dresden (Bahn)"]
[BlackTeam "Karlsruhe (Bahn)"]
[WhiteTeamCountry "GER"]
[BlackTeamCountry "GER"]

1. e4 c5 2. Nc3 d6 3. f4 a6 4. a4 Nc6 5. Nf3 e6 6. Bc4 Qc7 7. d3 Nf6 8. 0-0 Be7 9. Bd2 0-0 10. Qe1 Ne8 11. Qg3 g6 12. f5 exf5 13. Nd5 Qd8 14. Ng5 Nd4 15. Rf2 Ng7 16. Nxe7+ Qxe7 17. c3 Nc6 18. Raf1 Ne5 19. exf5 Bxf5 20. Rxf5 gxf5 21. Qh3 h5 22. Bd5 Qd7 23. Qg3 Kh8 24. Nf3 Nxf3+ 25. Qxf3 Qe7 26. Qf4 Qf6 27. Qf3 Rae8 28. Bxb7 a5 29. Bd5 Re7 30. Qf4 Re5 31. c4 Qg6 32. Bxa5 Rfe8 33. Bc3 R5e7 34. a5 Ra7 35. Rf3 Qg4 36. Qh6+ Kg8 37. h3 1-0

[Event "Bahn-chT"]
[Site "Gemuend"]
[Date "1999.10.24"]
[Round "1.3"]
[White "Litterst, Reinhard"]
[Black "Jaekel, Paul"]
[Result "1/2-1/2"]
[WhiteElo "1958"]
[BlackElo "2068"]
[PlyCount "116"]
[EventDate "1999.10.24"]
[EventType "team"]
[EventRounds "7"]
[EventCountry "GER"]
[SourceTitle "EXT 2003"]
[Source "ChessBase"]
[SourceDate "2002.11.25"]
[SourceVersion "1"]
[SourceVersionDate "2002.11.25"]
[SourceQuality "1"]
[WhiteTeam "Karlsruhe (Bahn)"]
[BlackTeam "Essen (Bahn)"]
[WhiteTeamCountry "GER"]
[BlackTeamCountry "GER"]

1. d4 d5 2. c4 e6 3. Nc3 f5 4. e3 Nf6 5. Nf3 Bd6 6. c5 Be7 7. Bd3 0-0 8. 0-0 b6 9. cxb6 axb6 10. Ne5 Bb7 11. b3 Nbd7 12. f4 Nxe5 13. fxe5 Ne4 14. Ne2 Qd7 15. Qe1 c5 16. Bb2 Rfc8 17. Bxe4 dxe4 18. Qd2 Ba6 19. Rfc1 Bxe2 20. Qxe2 cxd4 21. Bxd4 Bc5 22. Rc4 Bxd4 23. Rxd4 Qc7 24. Rd6 Qc3 25. Rad1 Qxe5 26. Rxb6 Rd8 27. Rc6 Rxd1+ 28. Qxd1 Qd5 29. Qc2 Rd8 30. Rc8 Rxc8 31. Qxc8+ Kf7 32. Qc2 Qd3 33. Qc1 g5 34. g3 Kg6 35. Kg2 Qe2+ 36. Kg1 h5 37. Qc8 Qxe3+ 38. Kg2 Qd2+ 39. Kh1 Qe1+ 40. Kg2 Qe2+ 41. Kg1 Qd1+ 42. Kg2 Qd5 43. Qg8+ Kf6 44. Qf8+ Ke5 45. Qg7+ Kd6 46. Qf8+ Kc7 47. Qe7+ Kb6 48. Qb4+ Kc6 49. Qa4+ Kd6 50. Qb4+ Kd7 51. Kf2 e5 52. Qa4+ Qc6 53. Qa7+ Qc7 54. Qa4+ Ke7 55. Qb4+ Kf7 56. Qb5 Qc2+ 57. Kg1 Qd1+ 58. Kg2 Qd7 1/2-1/2

[Event "Bayern-ch Seniors 10th"]
[Site "Schloss Schney"]
[Date "1998.??.??"]
[Round "1"]
[White "Litterst, Reinhard"]
[Black "Geissler, Roland"]
[Result "1/2-1/2"]
[WhiteElo "1955"]
[BlackElo "1660"]
[PlyCount "50"]
[EventDate "1998.07.03"]
[EventType "swiss"]
[EventRounds "9"]
[EventCountry "GER"]
[SourceTitle "EXT 2006"]
[Source "ChessBase"]
[SourceDate "2005.11.24"]
[SourceVersion "1"]
[SourceVersionDate "2005.11.24"]
[SourceQuality "1"]

1. d4 Nf6 2. Nf3 e6 3. c4 b6 4. Nc3 Bb4 5. Bd2 Bxc3 6. Bxc3 Bb7 7. e3 d6 8. Be2 0-0 9. 0-0 Nbd7 10. b3 h6 11. Rc1 Re8 12. Qc2 Be4 13. Qb2 a5 14. Rfd1 Qb8 15. Ne1 Bf5 16. f3 d5 17. Bd3 Bxd3 18. Nxd3 Qb7 19. Be1 Rac8 20. c5 Nb8 21. a3 Nfd7 22. Bg3 f6 23. b4 axb4 24. axb4 b5 25. Ra1 Nc6 1/2-1/2

[Event "Bahn-chT"]
[Site "Friedrichroda"]
[Date "1997.10.28"]
[Round "4.3"]
[White "Litterst, Reinhard"]
[Black "Klein, Heinz"]
[Result "1-0"]
[WhiteElo "1974"]
[BlackElo "1869"]
[PlyCount "71"]
[EventDate "1997.10.25"]
[EventType "team"]
[EventRounds "7"]
[EventCountry "GER"]
[SourceTitle "EXT 2009"]
[Source "ChessBase"]
[SourceDate "2008.11.26"]
[SourceVersion "1"]
[SourceVersionDate "2008.11.26"]
[SourceQuality "1"]
[WhiteTeam "Karlsruhe (Bahn)"]
[BlackTeam "Saarbruecken (Bahn)"]
[WhiteTeamCountry "GER"]
[BlackTeamCountry "GER"]

1. d4 d5 2. c4 e6 3. Nc3 f5 4. Nf3 c6 5. Bg5 Nf6 6. e3 Bd6 7. Ne5 0-0 8. f4 Qa5 9. Bxf6 gxf6 10. Nf3 Bb4 11. Qc2 Bd7 12. Bd3 b5 13. c5 a6 14. Kf2 Bxc3 15. bxc3 Ra7 16. Rhg1 Kh8 17. h3 Be8 18. g4 fxg4 19. hxg4 Rg7 20. Rg3 Rfg8 21. Rh1 Qc7 22. Rgh3 f5 23. Ng5 Rxg5 24. fxg5 Bg6 25. gxf5 exf5 26. Rf3 Rf8 27. Rh4 Qe7 28. Rg3 Nd7 29. Rf4 Nxc5 30. dxc5 Qxc5 31. Bxf5 b4 32. Rgf3 Qxc3 33. Bxg6 Rxf4 34. Rxf4 hxg6 35. Qxc3+ bxc3 36. Ke2 1-0

[Event "Bahn-chT"]
[Site "Friedrichroda"]
[Date "1997.10.27"]
[Round "2.3"]
[White "Litterst, Reinhard"]
[Black "Eckert, Michael"]
[Result "1/2-1/2"]
[WhiteElo "1974"]
[BlackElo "1906"]
[PlyCount "30"]
[EventDate "1997.10.25"]
[EventType "team"]
[EventRounds "7"]
[EventCountry "GER"]
[SourceTitle "EXT 2009"]
[Source "ChessBase"]
[SourceDate "2008.11.26"]
[SourceVersion "1"]
[SourceVersionDate "2008.11.26"]
[SourceQuality "1"]
[WhiteTeam "Karlsruhe (Bahn)"]
[BlackTeam "Frankfurt (Bahn)"]
[WhiteTeamCountry "GER"]
[BlackTeamCountry "GER"]

1. d4 d5 2. c4 c6 3. e3 Nf6 4. Nc3 e6 5. Nf3 Bd6 6. Bd3 Nbd7 7. 0-0 0-0 8. b3 Re8 9. Bb2 e5 10. dxe5 Nxe5 11. Nxe5 Bxe5 12. h3 Ne4 13. Bxe4 dxe4 14. Qxd8 Rxd8 15. Rad1 Bf5 1/2-1/2